| 000 | 01017nam a2200289 a 4500 | ||
|---|---|---|---|
| 001 | 000005692 | ||
| 005 | 20240422203111.0 | ||
| 008 | 090821t2009 dr 001 0 spa d | ||
| 020 | _a9789945408270 | ||
| 040 |
_aDO-SdBNP _bspa _cBNPHU |
||
| 082 |
_a361.3 _bG633t |
||
| 100 | 1 |
_aGómez Cerda, José _98583 |
|
| 245 | 1 | 3 |
_aEl trabajo social / _cJosé Gómez Cerda ; prólogo Nélsida Marmolejos ; ilustración Juanita Pichardo. |
| 260 |
_aSanto Domingo : _bArgos, _c2009. |
||
| 300 |
_a206 p. ; _c23 cm. |
||
| 500 | _aIncluye datos biográficos del autor en la solapa. | ||
| 590 | _aInventariado, 2018/ YL | ||
| 650 | 4 |
_aTrabajo social _911776 |
|
| 650 | 0 |
_aProblemas sociales _99290 |
|
| 650 | 0 |
_aSeguridad social _914448 |
|
| 650 | 4 |
_aAsistencia pública _916078 |
|
| 650 | 4 |
_aComunicacion _xAspectos sociales _91659 |
|
| 650 | 4 |
_aEconomia social de mercado _916079 |
|
| 700 | 1 |
_aMarmolejos, Nélsida, _epról. _916080 |
|
| 700 | 1 |
_aPichardo, Juanita, _eil. _916081 |
|
| 910 | _aValidado. Control de calidad EMS. | ||
| 999 |
_c5489 _d5489 |
||